Responses for show #6903 - Wednesday, September 24, 2014

Catherine Hardee game 2.

Contestants

[<< previous game]

Irv Murray, a software developer from Hartsdale, New York

Laura Dziorny, a lawyer and school district administrator from Charlestown, Massachusetts

Catherine Hardee, a hotel front desk clerk and recent college graduate from Kinston, North Carolina (whose 1-day cash winnings total $12,401)

[next game >>]

Jeopardy! Round responses

UNTRUE DETECTIVE
2 PRESIDENTS, SAME LAST NAME
FORESTS
UNDER RHYMES
THAT OLD ____ MAGIC
WHAT GOOGLE IS DOING
    $200 16
Magnum

Catherine
    $200 1
the Adams

Irv
    $200 6
Maryland

Irv
    $200 23
blunder

Laura
    $200 7
sabbath

Catherine
    $200 21
(Irv: What is Google Maps?)

Earth

CatherineIrv
    $400 17
Matthew McConaughey

Laura
    $1,000 2
the Bushes

Irv
    $400 12
Belgium

Laura
    $400 24
the Thunder

Catherine
    $400 8
Dead

Catherine
    $400 22
Wallet

Catherine
    $600 18
Pierce Brosnan

Laura
    $600 3
(Irv: Who are...Harrison?)

(the) Johnson(s)

LauraIrv
    $600 13
Chernobyl

Laura
    $600 25
wonder

Catherine
    $600 9
hocus pocus

Laura
    $600 28
Glass

Catherine
    $800 19
(John) Luther

Catherine
    $800 4
(the) Harrisons

Laura
    $800 14
the Black Forest

Irv
    $800 26
funder

Catherine
    $800 10
astral

Laura
    $800 29
Chrome

Catherine
    $1000 20
The Shield

Irv
    $1000 5
the Roosevelts

Laura
    $1000 15
Utah

Catherine
    $1000 27
asunder

Irv
    $1000 11
Laveau

Catherine
    $1000 30
your life

Irv

Scores at the first commercial break (after clue 15):

Catherine Laura Irv
$2,600 $4,800 $1,600

Scores at the end of the Jeopardy! Round:

Catherine Laura Irv
$7,400 $6,000 $4,400

Double Jeopardy! Round responses

WORLD FLAGS
PLAY BILL
ART ROCKERS
CROSSWORD CLUES "X"
AMERICAN LITERATURE
WHAT GOOGLE COULD BE DOING
    $400 2
the Himalayas

Laura
    $400 1
Bill Nye

Catherine
    $400 26
Paul McCartney

Triple Stumper
    $400 7
Xerox

Irv
    $400 16
(Walt) Whitman

Irv
    $400 21
fault

Catherine
    $800 3
Allah

Catherine
    $800 12
Bill Bradley

Laura
    $800 27
the Ramones

Laura
    $800 8
xenon

Laura
    $800 17
"The Pit and the Pendulum"

Laura
    $800 22
Ebola

Catherine
    $1200 4
the Southern Cross

Laura
    $1200 13
(Laura: Who is Wild Bill Hickok?)
(Irv: Who is Buffalo Bill?)

Pecos Bill

LauraIrv
Triple Stumper
    $1200 28
Janis Joplin

Irv
    $1200 9
(Charles) Xavier

Irv
    $1200 18
"The Lottery"

Catherine
    $1200 23
(Irv: What is Missouri?)

Michigan

Irv
Triple Stumper
    $1600 5
Indonesia

Catherine
    $1600 14
Bill Moyers

Irv
    $1600 29
a star

Triple Stumper
    $1600 10
Xanax

Catherine
    $3,000 19
(Nathaniel) Hawthorne

Catherine
    $1600 24
(Catherine: What is uranium?)

fissile

Catherine
Triple Stumper
    $2000 6
an eagle

Catherine
    $3,000 15
Bill Bennett

Irv
    $2000 30
Grace Slick

Triple Stumper
    $2000 11
Xi

Catherine
    $2000 20
"The Lady, or the Tiger?"

Triple Stumper
    $2000 25
(Catherine: What is spinach?)

popcorn

Catherine
Triple Stumper

Scores at the end of the Double Jeopardy! Round:

Catherine Laura Irv
$17,600 $9,600 $9,800

[wagering suggestions for these scores]

Final Jeopardy! Round responses

ALLITERATION
LauraWhat is a happy h
$7,000
IrvWhat is
$9,000
CatherineWhat is ?
$2,001
swan song

Final scores:

Catherine Laura Irv
$15,599 $2,600 $800
2-day champion: $28,000 2nd place: $2,000 3rd place: $1,000

Game dynamics:

Coryat scores:

Catherine Laura Irv
$16,200 $9,600 $8,200
23 R
(including 1 DD),
2 W
16 R,
1 W
13 R
(including 2 DDs),
4 W

Combined Coryat: $34,000

The J! Archive is created by fans, for fans. The Jeopardy! game show and all elements thereof, including but not limited to copyright and trademark thereto, are the property of Jeopardy Productions, Inc. and are protected under law. This website is not affiliated with, sponsored by, or operated by Jeopardy Productions, Inc. Join the discussion at JBoard.tv.